Química (Record no. 139463)

MARC details
000 -LÍDER
campo de controle de tamanho fixo 00810 a2200181 4500
001 - NÚMERO DE CONTROLE
campo de controle 139463
040 ## - FONTE DA CATALOGAÇÃO
Instituição que transcreveu o registro Leonardo Da Vinci
041 ## - CÓDIGO DE IDIOMA
Código do idioma do texto/trilha sonora ou título diferente Português
082 ## - CDD - CLASSIFICAÇÃO DECIMAL DE DEWEY
Número de Classificação 540 L564qc
Número do exemplar L564qc
100 ## - ENTRADA PRINCIPAL--NOME PESSOAL
Nome pessoal LEMBO, Antônio
245 ## - TÍTULO
Título Química
Restante do título realidade e contexto : química geral : manual do professor
250 ## - EDIÇÃO
Edição v.1
260 ## - PUBLICAÇÃO, DISTRIBUIÇÃO, ETC.
Nome do editor, distribuidor, etc. Ática
Data da publicação, distribuição, etc. 1999
Local de publicação, distribuição, etc. São Paulo
300 ## - DESCRIÇÃO FÍSICA
Extensão 160
362 ## - DATAS DE PUBLICAÇÃO E/OU DESIGNAÇÃO SEQUENCIAL
Datas de publicação e/ou designação sequencial 19990000
697 ## - ENTRADA DE ASSUNTO LOCAL--ENTIDADE COLETIVA (RLIN)
Nome corporativo ou nome da jurisdição Química
-- Química geral
-- Manual do professor
-- Métodos pedagógicos
-- Matéria
-- Misturas
-- Estrutura atômica
-- Modelo atômico
-- Átomos
-- Ligações químicas
-- Geometria molecular
-- Ácidos
-- Bases
-- Sais inorgânicos
-- Óxidos inorgânicos
-- Reações químicas
-- Massa atômica
-- Massa molecular
-- Gases
-- Cálculo químico
-- Cálculo estequiométrico
-- Química inorgânica
-- Ensino Médio
942 ## - ELEMENTOS DE ENTRADA ADICIONADOS (KOHA)
Tipo de material Koha Livros
Holdings
Situação do descarte Situação das perdas Situação física Não pode ser emprestado Biblioteca de origem Biblioteca atual Data de aquisição Total de empréstimos Número de chamada completo Código de barras Data de último acesso Data do preço efetivo Tipo de material Koha
        Leonardo Da Vinci - Osasco Leonardo Da Vinci - Osasco 27/03/2024   540 L564qc O003576 27/03/2024 27/03/2024 Livros